<?xml version="1.0" encoding="UTF-8"?>
<collection xmlns="http://www.loc.gov/MARC21/slim">
 <record>
  <leader>01315nam a22003617a 4500</leader>
  <controlfield tag="001">000046584</controlfield>
  <controlfield tag="003">CZ-PrVSE</controlfield>
  <controlfield tag="005">20081201135859.0</controlfield>
  <controlfield tag="008">960620s1991    xr            ||||| cze |</controlfield>
  <datafield tag="020" ind1=" " ind2=" ">
   <subfield code="a">80-200-0278-2</subfield>
   <subfield code="q">(soubor)</subfield>
  </datafield>
  <datafield tag="020" ind1=" " ind2=" ">
   <subfield code="a">80-200-0378-9</subfield>
   <subfield code="q">(3. díl)</subfield>
  </datafield>
  <datafield tag="040" ind1=" " ind2=" ">
   <subfield code="a">ABA006</subfield>
   <subfield code="b">cze</subfield>
   <subfield code="c">ABA006</subfield>
   <subfield code="d">ABA006</subfield>
  </datafield>
  <datafield tag="041" ind1="1" ind2=" ">
   <subfield code="a">cze</subfield>
  </datafield>
  <datafield tag="044" ind1=" " ind2=" ">
   <subfield code="a">xr</subfield>
  </datafield>
  <datafield tag="080" ind1=" " ind2=" ">
   <subfield code="a">34</subfield>
  </datafield>
  <datafield tag="080" ind1=" " ind2=" ">
   <subfield code="a">340.114</subfield>
  </datafield>
  <datafield tag="099" ind1=" " ind2="9">
   <subfield code="a">340.1HAY</subfield>
  </datafield>
  <datafield tag="100" ind1="1" ind2=" ">
   <subfield code="a">Hayek, Friedrich A. von,</subfield>
   <subfield code="d">1899-1992</subfield>
   <subfield code="7">jn19990003268</subfield>
   <subfield code="4">aut</subfield>
  </datafield>
  <datafield tag="245" ind1="1" ind2="0">
   <subfield code="a">Právo, zákonodárství a svoboda :</subfield>
   <subfield code="b">(nový výklad liberálních principů spravedlnosti a politické ekonomie). [D.] 3,</subfield>
   <subfield code="p">Politický řád svobodného lidu /</subfield>
   <subfield code="c">F.A. Hayek ; [přel. Tomáš Ježek]</subfield>
  </datafield>
  <datafield tag="260" ind1=" " ind2=" ">
   <subfield code="a">Praha :</subfield>
   <subfield code="b">Academia,</subfield>
   <subfield code="c">1991</subfield>
  </datafield>
  <datafield tag="300" ind1=" " ind2=" ">
   <subfield code="a">151 s.</subfield>
  </datafield>
  <datafield tag="650" ind1="0" ind2="7">
   <subfield code="a">právo</subfield>
   <subfield code="7">ph115914</subfield>
   <subfield code="2">czenas</subfield>
  </datafield>
  <datafield tag="650" ind1="0" ind2="7">
   <subfield code="a">zákonodárství</subfield>
   <subfield code="7">ph116797</subfield>
   <subfield code="2">czenas</subfield>
  </datafield>
  <datafield tag="653" ind1="0" ind2=" ">
   <subfield code="a">ekonomie a politika</subfield>
  </datafield>
  <datafield tag="655" ind1=" " ind2="7">
   <subfield code="a">studie</subfield>
   <subfield code="7">fd133597</subfield>
   <subfield code="2">czenas</subfield>
  </datafield>
  <datafield tag="650" ind1="0" ind2="9">
   <subfield code="a">law</subfield>
   <subfield code="2">eczenas</subfield>
  </datafield>
  <datafield tag="650" ind1="0" ind2="9">
   <subfield code="a">legislation</subfield>
   <subfield code="2">eczenas</subfield>
  </datafield>
  <datafield tag="655" ind1=" " ind2="9">
   <subfield code="a">studies</subfield>
   <subfield code="2">eczenas</subfield>
  </datafield>
  <datafield tag="700" ind1="1" ind2=" ">
   <subfield code="a">Ježek, Tomáš,</subfield>
   <subfield code="d">1940-2017</subfield>
   <subfield code="7">jn19990209312</subfield>
   <subfield code="4">trl</subfield>
  </datafield>
  <datafield tag="993" ind1=" " ind2=" ">
   <subfield code="x">NEPOSILAT</subfield>
   <subfield code="y">BEZJEDNOTEK</subfield>
  </datafield>
  <datafield tag="996" ind1=" " ind2=" ">
   <subfield code="1">PSTUD</subfield>
   <subfield code="3">F164313/III</subfield>
   <subfield code="4">PC=91657</subfield>
   <subfield code="5">3142028635</subfield>
   <subfield code="8">20030807</subfield>
   <subfield code="9">NOB1974HAY</subfield>
   <subfield code="f">81</subfield>
   <subfield code="l">UEP01</subfield>
   <subfield code="m">BOOK</subfield>
   <subfield code="p">MI</subfield>
   <subfield code="q">Studovna Žižkov</subfield>
   <subfield code="t">na 1 měsíc</subfield>
   <subfield code="u">UEP01</subfield>
   <subfield code="v">Ztráta</subfield>
   <subfield code="w">20040722</subfield>
  </datafield>
 </record>
</collection>
